000 00674nam a22002417a 4500
999 _c4324
_d4324
003 AR-CdUCM
008 190308b ||||| |||| 00| 0 spa d
020 _a968-16-1957-9
040 _aMUNICIPALIDAD PROVINCIAL DEL CUSCO
_cBIBLIOTECA MUNICIPAL DEL CUSCO
082 _a869.15 /
_bC24
100 _aCampos, Julieta
_91997
245 _aMuerte por Agua /
260 _aMexico :
_bFondo de Cultura Economica,
_c1965.
300 _a142 paginas ;
_c21cm.
440 _aLecturas Mexicanas
_n93
_913667
500 _aNovela
650 _aNovelas
_9218
650 _aLiteratura
_983
650 _aMexico
_918
650 _aSiglo XX
_98
942 _2ddc
_cLIBROS
945 _apjha